| 000 | 01216nab a22002417a 4500 | ||
|---|---|---|---|
| 005 | 20150714115736.0 | ||
| 008 | 150627b2006 ck l. gr|||| 00| spa d | ||
| 040 |
_aCO-BoIAVH _cCO-BoIAVH |
||
| 041 | _aspa | ||
| 044 | _ack | ||
| 090 |
_aAR _b01876 |
||
| 100 | 1 |
_aQuevedo-Gil, Alonso _934975 |
|
| 245 | 1 | 0 |
_aPlan de acción nacional para los loros amenazados de Colombia : _buna iniciativa para garantizar la conservacion de nuestros loros / _cAlonso Quevedo-Gil |
| 260 |
_aBogotá: _bFundación Proaves, _c2006. |
||
| 300 | _aAño 2006, Nro 1, Octubre, Pag. 9-20. | ||
| 504 | _aIncluye referencias bibliográficas (pag. 20) | ||
| 520 | _aEn vista del valor de los loros amenazados como grupo de importancia para realizar acciones de conservación, Proaves inició en el 2002 un programa intensivo de localización y monitoreo de las poblaciones de las especies de loros mas raras y amenazadas de Colombia | ||
| 650 | 1 |
_aLoros amenazados _zColombia _935770 |
|
| 650 | 1 |
_aLoros amenazados _xplanes de acción _zColombia _935771 |
|
| 650 | 1 |
_aLoros amenazados _zAndes Colombianos _935772 |
|
| 773 | 0 |
_dBogotá : Fundación ProAves, 2006- _o038445 _tRevista Conservación Colombiana _x19001592 |
|
| 942 |
_2z _cARTICULO |
||
| 999 |
_c17493 _d17493 |
||